000
00207 a2200085 4500
020
_a
9781940743691
100
_a
Doctor,Jimmy F
245
_a
Interior Detailing: In Contract Works
260
_b
ORO Editions
_c
2019
999
_c
13734
_d
13734